〈マリカーワールド〉全ドライバー - Statistics

General Stats
  • This quiz has been taken 142 times
  • The average score is 25 of 50
Answer Stats
ドライバー % Correct
マリオ
99%
ルイージ
96%
ピーチ
94%
デイジー
89%
クッパ
88%
ワルイージ
79%
ワリオ
78%
ウシ
77%
クリボー
76%
ノコノコ
76%
ヨッシー
76%
クッパJr.
76%
ロゼッタ
73%
キノピオ
70%
ドンキーコング
68%
キノピコ
63%
ベビィマリオ
61%
ベビィルイージ
61%
ベビィピーチ
60%
カロン
58%
キングテレサ
57%
ジュゲム
54%
ベビィデイジー
54%
ヘイホー
53%
ベビィロゼッタ
53%
ハナチャン
51%
パックンフラワー
51%
キャサリン
46%
ガボン
45%
ポリーン
44%
サイドステッパー
41%
ハンマーブロス
37%
ペンギン
37%
サンボ
34%
プクプク
34%
スローマン
31%
フィッシュボーン
27%
リフトン
27%
チョロプー
26%
ハッチン
26%
トッテン
25%
バサバサ
25%
ブル
25%
ツッコンドル
21%
パタテンテン
21%
テレン
20%
プー
18%
ポイハナ
18%
ガマネー
14%
モンテ族
11%
No matching quizzes found
Score Distribution
Percent of People with Each Score
Percentile by Number Answered
Your Score History
You have not taken this quiz